Análisis crítico del discurso: un estudio sobre la corrupción y la indigencia en la Argentina/
保存先:
| 第一著者: | |
|---|---|
| フォーマット: | 図書 |
| 言語: | Spanish |
| タグ: |
タグ追加
タグなし, このレコードへの初めてのタグを付けませんか!
|
MARC
| LEADER | 00000nam a22000007a 4500 | ||
|---|---|---|---|
| 003 | cru CIDCACS/IIS | ||
| 005 | 20190206141015.0 | ||
| 007 | ta | ||
| 008 | 190206t2005 cl |||||r|||||||| 0 spa | | ||
| 999 | |c 42156 |d 42156 | ||
| 040 | |c cru CIDCACS/IIS | ||
| 100 | 1 | |9 8308 |a Pardo, María Laura | |
| 245 | 1 | |a Análisis crítico del discurso: |b un estudio sobre la corrupción y la indigencia en la Argentina/ |c María Laura Pardo | |
| 300 | |a páginas 194-207 | ||
| 773 | 0 | |0 42151 |9 2640 |a Harvey, Anamaría |d Chile: Ediciones Universidad Católica de Chile, 2005 |o 04011 |t En Torno al discurso: |z 9561408058 | |
| 942 | |2 ddc |c LI | ||



